Estructura productiva y empleo (Registro nro. 4046)
[ vista simple ]
| 000 -LEADER | |
|---|---|
| fixed length control field | 02325 a2200409 4500 |
| 001 - CONTROL NUMBER | |
| control field | 45878 |
| 005 - DATE AND TIME OF LATEST TRANSACTION | |
| control field | 20260407155731.0 |
| 008 - FIXED-LENGTH DATA ELEMENTS--GENERAL INFORMATION | |
| fixed length control field | 260407a2007 arg spa d |
| 003 - CONTROL NUMBER IDENTIFIER | |
| control field | AR-UNSa-BCEJYS |
| 040 ## - CATALOGING SOURCE | |
| Original cataloging agency | AR-UNSa-BCEJYS |
| Language of cataloging | spa |
| Transcribing agency | AR-UNSa-BCEJYS |
| 080 ## - UNIVERSAL DECIMAL CLASSIFICATION NUMBER | |
| Universal Decimal Classification number | 331.5(82) |
| Common auxiliary subdivision | Mercado de Trabajo. Empleo en Argentina |
| 020 ## - INTERNATIONAL STANDARD BOOK NUMBER | |
| International Standard Book Number | 978-84-96571-68-6 |
| 041 ## - LANGUAGE CODE | |
| Language code of text/sound track or separate title | spa |
| 100 1# - MAIN ENTRY--PERSONAL NAME | |
| Personal name | Palomino, Héctor |
| 245 10 - TITLE STATEMENT | |
| Title | Estructura productiva y empleo |
| Name of part/section of a work | Un enfoque transversal |
| 264 #1 - PRODUCTION, PUBLICATION, DISTRIBUTION, MANUFACTURE, AND COPYRIGHT NOTICE | |
| Place of production, publication, distribution, manufacture | Buenos Aires : |
| Name of producer, publisher, distributor, manufacturer | Ministerio de Trabajo, Empleo y Seguridad Social |
| Date of production, publication, distribution, manufacture, or copyright notice | 2007 |
| 300 ## - PHYSICAL DESCRIPTION | |
| Extent | 397 p. |
| Dimensions | 23 cm. |
| 505 ## - FORMATTED CONTENTS NOTE | |
| Formatted contents note | 1. Trayectorias laborales en la Argentina desde mediados de la décaca del noventa / Victoria Cimoli, Marta Novick y Héctor Palomino - 2. Enfoques actuales sobre el sector informal / María Antonia Gallart - 3. Comportamientos estratégicos y creación de empleo en la post-convertibilidad. El caso de las empresas de rápido crecimiento / Hugo Kantis y Juan Federico - 4. Tramas productivas y de generación de ventajas competitivas: un abordaje metodológico para pasar de la firma individual a la red / Gabriel Yoguel - 5. Tramas productivas de alta tecnología y ocupación / Roberto Bisang y Sebastián Sztulwark - 6. Ocupación y empleo en el complejo productivo lácteo en la Argentina / Graciela E. Gutman - 7. La trama automotriz, dinámica del empleo y trayectorias laborales desde mediados de los noventa / Victoria Castillo, Sofía Rojo, Sebastián Rotondo y Gabriel Yoguel - 8. Especialización productiva y empleo en Áreas Económicas Locales / Ximena Mazorra y Alejandra Beccaria - 9. Género y diferenciales de salarios en la Argentina. |
| 590 ## - LOCAL NOTE (RLIN) | |
| Local note | niveau_biblio:m niveau_hierar:0 |
| 700 1# - ADDED ENTRY--PERSONAL NAME | |
| Personal name | Novick, Marta |
| 700 1# - ADDED ENTRY--PERSONAL NAME | |
| Personal name | Beccaria, Alejandra |
| 700 1# - ADDED ENTRY--PERSONAL NAME | |
| Personal name | Bisang, Roberto |
| 700 1# - ADDED ENTRY--PERSONAL NAME | |
| Personal name | Castillo, Victoria |
| 700 1# - ADDED ENTRY--PERSONAL NAME | |
| Personal name | Cimoli, Mario |
| 700 1# - ADDED ENTRY--PERSONAL NAME | |
| Personal name | Esquivel, Valeria |
| 700 1# - ADDED ENTRY--PERSONAL NAME | |
| Personal name | Federico, Juan |
| 700 1# - ADDED ENTRY--PERSONAL NAME | |
| Personal name | Gallart, María Antonia |
| 700 1# - ADDED ENTRY--PERSONAL NAME | |
| Personal name | Gutman, Graciela E. |
| 700 1# - ADDED ENTRY--PERSONAL NAME | |
| Personal name | Kantis, Hugo |
| 700 1# - ADDED ENTRY--PERSONAL NAME | |
| Personal name | Mazorra, Ximena |
| 700 1# - ADDED ENTRY--PERSONAL NAME | |
| Personal name | Rojo, Sofía |
| 700 1# - ADDED ENTRY--PERSONAL NAME | |
| Personal name | Rotondo, Sebastián |
| 700 1# - ADDED ENTRY--PERSONAL NAME | |
| Personal name | Sztulwark, Sebastián |
| 700 1# - ADDED ENTRY--PERSONAL NAME | |
| Personal name | Yoguel, Gabriel |
| 856 41 - ELECTRONIC LOCATION AND ACCESS | |
| Uniform Resource Identifier | <a href="https://www.biblioeco.unsa.edu.ar/pmb/images/libros/L127220.jpg">https://www.biblioeco.unsa.edu.ar/pmb/images/libros/L127220.jpg</a> |
| Link text | Imagen de portada |
| Electronic format type | image/jpeg |
| 942 ## - ADDED ENTRY ELEMENTS (KOHA) | |
| Koha item type | |
| Withdrawn status | Lost status | Damaged status | Not for loan | Home library | Current library | Shelving location | Date acquired | Total checkouts | Full call number | Barcode | Date last seen | Price effective from | Koha item type |
|---|---|---|---|---|---|---|---|---|---|---|---|---|---|
| Biblioteca Prof. Eusebio Cleto del Rey | Biblioteca Prof. Eusebio Cleto del Rey | 07/04/2026 | 331.5(82) N943 | L127220 | 07/04/2026 | 07/04/2026 | Libro |